The House of obedience: (Record no. 1403)
[ view plain ]
| 000 -LEADER | |
|---|---|
| fixed length control field | 006880000a22002290004500 |
| 003 - CONTROL NUMBER IDENTIFIER | |
| control field | LK-CoMWRAF |
| 005 - DATE AND TIME OF LATEST TRANSACTION | |
| control field | 20230828115605.0 |
| 008 - FIXED-LENGTH DATA ELEMENTS--GENERAL INFORMATION | |
| fixed length control field | 230817t1982 ||||| |||| 00| 0 eng d |
| 020 ## - INTERNATIONAL STANDARD BOOK NUMBER | |
| International Standard Book Number | 0862320631 |
| 040 ## - CATALOGING SOURCE | |
| Original cataloging agency | LK-CoMWRAF |
| Modifying agency | LK-CoMWRAF |
| Description conventions | LK-CoMWRAF |
| 041 ## - LANGUAGE CODE | |
| Language code of text/sound track or separate title | English |
| 082 ## - DEWEY DECIMAL CLASSIFICATION NUMBER | |
| Classification number | 306.85 |
| Item number | MIN |
| 942 ## - ADDED ENTRY ELEMENTS (KOHA) | |
| Koha item type | Books |
| 100 ## - MAIN ENTRY--PERSONAL NAME | |
| Personal name | Minces, Juliette |
| 700 ## - ADDED ENTRY--PERSONAL NAME | |
| Personal name | Pallis, Michael |
| Relator Term | translator |
| 242 ## - TRANSLATION OF TITLE BY CATALOGING AGENCY | |
| Title | La femme dans le monde arabe |
| 245 ## - TITLE STATEMENT | |
| Title | The House of obedience: |
| Remainder of title | women in Arab society |
| 260 ## - PUBLICATION, DISTRIBUTION, ETC. (IMPRINT) | |
| Place of publication, distribution, etc. | London: |
| Name of publisher, distributor, etc. | Zed Press, |
| Date of publication, distribution, etc. | 1982 |
| 300 ## - PHYSICAL DESCRIPTION | |
| Extent | 114 p. ; 23 cm. |
| Other physical details | Bibliography included |
| 490 ## - SERIES STATEMENT | |
| Series statement | Women in the Third World series |
| 650 ## - SUBJECT ADDED ENTRY--TOPICAL TERM | |
| Topical term or geographic name as entry element | Women -Arab countries -Social conditions |
| Withdrawn status | Lost status | Damaged status | Not for loan | Permanent Location | Current Location | Date acquired | Full call number | Barcode | Koha item type |
|---|---|---|---|---|---|---|---|---|---|
| Resource center, Muslim Women's Research And Action Forum | Resource center, Muslim Women's Research And Action Forum | 2023-08-17 | 306.85 MIN | RAF22 | Books |

